Palmarès des Web Comedy Awards (2014) - Statistiques

Statistiques générales
  • Ce quiz a été pris 12 fois
  • Le résultat moyen est 5 sur 11
Statistiques - réponses
Catégorie Vainqueur % Correct
Meilleur sketch collectif Cyprien
100%
Vidéo de l'année Cyprien
100%
Meilleur sketch solo Norman
100%
Révélation Orangina Le Rire Jaune
58%
Prix d'honneur Rémi Gaillard
42%
Grand Prix du Jury Suricate
42%
Meilleure artiste féminine Alison Wheeler
33%
Meilleure caméra cachée Bengui
25%
Meilleur artiste masculin Jérôme Niel
8%
Meilleur format très court Julien Josselin
8%
Meilleure vidéo étrangère Mister Epic Mann
8%
Aucun quiz correspondant
Distribution des résultats
% des personnes avec chaque résultat
Percentile par nombre de réponses
Votre historique - résultats
Vous n’avez pas pris ce quiz